00668 a2200205 4500260001000000100001900010260001100029245008600040300001100126650002100137260000900158300001700167130000800184035000900192035000900201440003400210500009700244999001700341952010400358 aParis aPHILLIPSON, J. bUNESCO aMéthodes of study in soil ecology : Méthodes d'étude de l'écologie du sol a303 p. a c1970 bfig. ; 28 cm lFr. a1955 a3508 a(ecologie et concervation, 2) aTexte sur deux colonnes en anglais et en français. -Bibliographie à la fin des chapitres c11535d11535 00104070aBEPACbBEPACd2009-02-27eEPACl0o631.4/P558mp20930EPACr2009-02-27 00:00:00t1yLIVR